Country Quiz: Latvia 🇱🇻 - Statistics

General Stats
  • This quiz has been taken 48 times
    46 since last reset
  • The average score is 15 of 28
Answer Stats
Hint Answer % Correct
Currency Euro
88%
Estonia
85%
Lithuania
85%
Capital Riga
85%
For the majority of the 19th century, Latvia was under rule of this country Russia
85%
Russia
85%
Between 1940-1990s, Latvia was annexed and forced into this union Soviet Union
85%
Bordering Countries Belarus
82%
Language / Nationality Latvian
82%
Time zones 1 (UTC+1)
79%
Bordering Seas Baltic sea
76%
Independence 1991
65%
National Sport Ice Hockey
62%
Measurement System Metric
59%
Member of this Western Military Alliance NATO
53%
Main Religion Christianity
50%
Second-Largest City Daugavpils
50%
State-Condition Republic
47%
Member of this Western Fiscal / Political Alliance European Union
41%
Climate Temperate
35%
Type of Government Parliamentary
26%
Main Economic Sector Tertiary / Service
24%
First female elected President of Latvia and in all of Eastern Europe (2007-2012) Vaira Vike-Freiberga
24%
Main Export Wood
24%
Founding Father and Most Famous Leader Kārlis Augusts Vilhelms Ulmanis
18%
Unitary
12%
National Animal White Wagtail
9%
National Dish Pelēkie zirņi ar speķi
3%
No matching quizzes found
Score Distribution
Percent of People with Each Score
Percentile by Number Answered
Your Score History
You have not taken this quiz since the last reset